| 000 | 00349nam a2200133Ia 4500 | ||
|---|---|---|---|
| 008 | 240624s9999 xx 000 0 und d | ||
| 041 | _aeng | ||
| 082 | _a658.827 DUT | ||
| 100 | _aDUTTA KIRTI | ||
| 245 | _aBRAND MANAGEMENT PRINCIPLES AND PRACTICE | ||
| 260 |
_c2014 _aNew Delhi _bOxford |
||
| 300 | _axxiii, : 455 : p. : cm. ; 26 | ||
| 365 |
_cRS _b31 |
||
| 999 |
_c24906 _d24906 |
||